Statistics for Which Doppel in That's Not My Neighbor.

Click here to take the quiz!

General Stats

  • This quiz has been taken 20 times
  • The average score is 10 of 15

Answer Stats

QuestionAnswer% Correct
Which 2 neighbors have a doppel that only say Hoon? (Hint: Hoon Man and Hoon Lady)Francis Mosses and Rafftellyn Cappuccin
87%
Which neighbor has a chance to have a REALLY long neck?Angus Ciprianni
80%
Their face appears to have melted, revealing their own skull.Izaack Gauss
80%
Which neighbor has a chance to become a cyclops, with one giant eye in the center of their head?Albertsky Peachman
73%
Which neighbor has a chance to insult your smelliness after asking about their missing nose?Dr. W. Afton
67%
Which neighbor has a chance to have long droopy ears?Francis Mosses
67%
Which neighbor has a chance to have 2 noses?Izaack Gauss
67%
Which neighbor has a chance to have melted looking facial features? (Hint: Skin is still on)Margarette Bubbles
67%
Their entire face has been replaced with a big monster-ish mouth with sharp teeth, muting them.Selenne Sverchzt
67%
Which neighbor has a chance to have a paper with a drawn on face, over their face?Steven Rudboys
67%
Which neighbor has Walter the Worm in their cheek?Gloria Schmicht
60%
They have a chance to have a mole, which they don't normally have. But, asking them about their appearance gives you a 100% chance for them to reveal themself.Margarette Bubbles
60%
Which neighbor has a chance to have their ENTIRE face to be filled with holes?Dr. W. Afton
47%
Which neighbor has a guaranteed chance to reveal themselves when asked about appearance over their facial hair? (Hint: Other than Alf)Robertsky Peachman
47%
Which neighbor does NOT have a doppel variant with something revolving unibrows?Mia Stone
40%

Score Distribution

Percentile by Number Answered

Percent of People with Each Score

Your Score History

You have not taken this quiz